Online Catalogue and eLibrary

My mother my self (Record no. 5861)

MARC details
000 -LEADER
fixed length control field 00444nam a2200193Ia 4500
005 - DATE AND TIME OF LATEST TRANSACTION
control field 20241105023554.0
008 - FIXED-LENGTH DATA ELEMENTS--GENERAL INFORMATION
fixed length control field 240331s9999 xx 000 0 und d
020 ## - INTERNATIONAL STANDARD BOOK NUMBER
ISBN 0440156645
082 ## - DDC Classification
Item Number - Author Mark FRI
Class No. 8232
100 ## - MAIN ENTRY--PERSONAL NAME
Personal name Friday, Nancy
245 #0 - TITLE STATEMENT
Title My mother my self
250 ## - EDITION STATEMENT
Edition statement 2 ND
260 ## - PUBLICATION, DISTRIBUTION, ETC.
Place of publication, distribution, etc. New York
Name of publisher, distributor, etc. Dell Publishing Co, Inc,
Date of publication, distribution, etc. 1987
300 ## - PHYSICAL DESCRIPTION
Extent (e.g. Volumes, Pages etc.) xvi, 475 p .,
650 ## - SUBJECT ADDED ENTRY--TOPICAL TERM
Topical term or geographic name entry element Women
650 ## - SUBJECT ADDED ENTRY--TOPICAL TERM
Topical term or geographic name entry element Gender
650 ## - SUBJECT ADDED ENTRY--TOPICAL TERM
Topical term or geographic name entry element sex
942 ## - Koha item type (Biblio)
Koha item type Books in Stacks (Lending)
Holdings
Lost status Damaged status Collection code Home library Current library Shelving location Date acquired Full call number Accession Number Item type
    Lending WERC Library WERC Library Social Science Cupboard 03/31/2024 823 FRI 6855 Books in Stacks (Lending)

© WERC Library